Paris - Décodeur - Statistiques

Statistiques générales
  • Ce quiz a été pris 13 917 fois
  • Le résultat moyen est 10 sur 20
Statistiques - réponses
Indice Réponse % Correct
L Musée d'art le plus visité du monde Louvre
99%
N Quasimodo y loge Notre-Dame
86%
E Ingénieur qui a donné son nom à la plus célèbre tour de la ville Gustave Eiffel
84%
R Tournoi de tennis ayant lieu chaque année Porte d'Auteuil Roland-Garros
78%
C Réseau de souterrains qui sillonne le sous-sol de la rive gauche Catacombes
74%
T Jardin qui jouxte le musée 3 lignes plus haut Tuileries
67%
R Seule ville avec laquelle Paris est jumelée Rome
57%
F Fête foraine organisée tous les ans dans le bois de Vincennes Foire du Trône
56%
E Évènement durant lequel fut inauguré le métro en 1900 Exposition Universelle
53%
I Bâtiment construit au 17ème siècle dans le but d'accueillir les soldats blessés Invalides
50%
M Quartier huppé de la rive droite où l'on trouve les Archives Nationales et la place des Vosges Marais
42%
C Gare la plus fréquentée de France (hors gares grandes lignes) Châtelet - Les Halles
41%
U Institution de l'ONU ayant son siège à Paris UNESCO
34%
A Station de métro la plus profonde de la ville, qui dessert la butte Montmartre Abbesses
32%
U Celle de Paris fut fondée en 1150 Université
28%
Phrase mystère : Fluctuat nec mergitur
26%
U Rue du 5ème arrondissement qui abrite l'École Normale Supérieure Ulm
26%
T Maire de la ville de 1995 à 2001 Jean Tiberi
14%
G Ancienne commune devenue un quartier du 15ème arrondissement Grenelle
11%
T Commune du Val-de-Marne où se situe un des 6 cimetières parisiens extra-muros Thiais
8%
Aucun quiz correspondant
Distribution des résultats
% des personnes avec chaque résultat
Percentile par nombre de réponses
Votre historique - résultats
Vous n’avez pas pris ce quiz